| 000 | 01665nam a2200265Ii 4500 | ||
|---|---|---|---|
| 008 | 221202s xx 000 0 und d | ||
| 245 | 0 |
_aAdult Education and Work Contexts : _b International Perspectives and Challenges |
|
| 246 | _aComparative Perspectives from the 2017 Wuerzburg Winter School | ||
| 264 | 1 |
_aBern _bPeter Lang International Academic Publishers _c2018 |
|
| 300 | _a1 online resource (226 pages) | ||
| 336 |
_atext _btxt _2rdacontent |
||
| 337 |
_acomputer _bc _2rdamedia |
||
| 338 |
_aonline resource _bcr _2rdacarrier |
||
| 490 |
_aStudien zur Paedagogik, Andragogik und Gerontagogik / Studies in Pedagogy, Andragogy, and Gerontagogy _v72 |
||
| 520 | _a<P>Adult education has deep connections with employment contexts. This volume discusses interrelations within transnational contexts studied during the Würzburg Winter School on Comparative Studies in Adult Education and Lifelong Learning (COMPALL). The book shows that adult education and work contexts are influenced by international and transnational developments. The findings are presented in three chapters: Lifelong Learning Policies Targeting Employment Contexts; Transnational Perspectives on Lifelong Learning Policies; Employment Perspectives and Professionalisation in Adult Education.</P> | ||
| 653 | _aAdult | ||
| 653 | _aAdult Education | ||
| 653 | _aAdult Learning | ||
| 653 | _aBernd | ||
| 653 | _aChallenges | ||
| 700 | 1 | _aEgetenmeyer, Regina | |
| 700 | 1 | _aFedeli, Monica | |
| 856 |
_uhttps://docs.google.com/spreadsheets/d/1yKIrdCPDAG_9c22mwoOIO2DOhtj65Wqa/edit?usp=sharing&ouid=106555315294820607512&rtpof=true&sd=true _yList of Curated E-Books |
||
| 942 | _cE-BOOK | ||
| 999 |
_c91469 _d91466 |
||